| 000 | 00420nab a2200145Ia 4500 | ||
|---|---|---|---|
| 003 | ES-SlBCS | ||
| 005 | 20210601124318.0 | ||
| 008 | 140529s1988 xxu||||| |||| 00| 0 eng d | ||
| 041 | _aeng | ||
| 100 | 1 |
_aRich, John Martin _9139276 |
|
| 245 | 0 | 0 |
_aSocial Crisis in Education _c John Martin Rich |
| 650 | 0 | 4 |
_aEducación _986687 |
| 773 | 0 |
_tEducational Theory _gvol. 38, nº. 2, 1988, págs. 183-190 _wRev1399 |
|
| 942 | _cAR | ||
| 999 |
_c512754 _d512754 |
||